Gminy w powiecie krakowskim - Statystyki

Ogólne statystyki
  • Ten quiz został rozwiązany 52 razy
  • Średni wynik to 9 z 17
Statystyki odpowiedzi
Odpowiedź % Poprawnych
Skawina
78%
Zielonki
73%
Krzeszowice
71%
Zabierzów
71%
Mogilany
64%
Słomniki
62%
Wielka Wieś
58%
Kocmyrzów-Luborzyca
53%
Skała
53%
Liszki
51%
Michałowice
51%
Świątniki Górne
51%
Czernichów
47%
Igołomia Wawrzeńczyce
42%
Jerzmanowice-Przeginia
42%
Iwanowice
36%
Sułoszowa
33%
Nie znaleziono quizów pasujących do podanych kryteriów
Rozkład punktacji
Procent ludzi z każdym wynikiem
Percentyl według liczby udzielonych odpowiedzi
Twoja historia wyników
Nie rozwiązałeś tego quizu